Top Pumpkin Producing States - Statistics

General Stats
  • This quiz has been taken 10 times
  • The average score is 8 of 10
Answer Stats
Hint Answer % Correct
104.6 Michigan
100%
67.5 Ohio
100%
46 New York
90%
108.8 Pennsylvania
90%
54.1 Virginia
90%
49.6 Wisconsin
90%
485.1 Illinois
80%
159.8 Indiana
80%
105.8 California
70%
57 Washington
40%
No matching quizzes found
Score Distribution
Percent of People with Each Score
Percentile by Number Answered
Your Score History
You have not taken this quiz